V ústrety slovenskej konferencii

Bibliographic Details
Main Author: Laborecký, Dalibor (Author)
Format: Article
Language:Slovak
Subjects:

MARC

LEADER 00000nab a2200000 a 4500
001 vtls000131780
003 SK-MaSNL
005 20260303032257.0
008 111104c1982 xo 0 slo
015 |a SNBRB19rr/mm-uuuuu 
035 |a CL0141886 
040 |a SNKBUCL  |b slo  |c SNKBUCL  |e AACR2 
041 0 |a slo 
044 |a xo  |c SK 
080 |a 329.14  |2 1981 
100 1 |a Laborecký, Dalibor  |4 aut  |9 936990 
245 1 0 |a V ústrety slovenskej konferencii  |c Dalibor Laborecký 
610 2 7 |a Strana slovenskej obrody  |2 snkbucl  |9 172704 
651 7 |a 5100  |2 snkbucl  |9 166206 
655 7 |a články z novín a časopisov  |2 snkbucl  |9 267496 
773 0 |t Ľud  |g Roč. 35, č. 280 (25. 11. 1982), s. 1 a 3 
850 |a Slovenská národná knižnica v Martine  |a MTA001 
852 |a SNK  |b KIS3GCP 
958 |a RK 
992 |a RBX 
999 |c 1663452  |d 1665382